00923nac a22002657a 4500001001000000003000900010005001700019008003400036040005400070072000800124100001800132100001500150100001900165100001300184110007300197245008500270246009300355260003700448300000900485490010400494650001100598650002200609650001100631650001500642BR8602700BR-BrBNA20240105120424.0230509b bl.|||m| |||| 00| 0 por d aBR-BrBNAbporcBiblioteca Nacional de Agricultura aL731 aSoncini, R.A.1 aMoraes, N.1 aLorenzetti, C.1 aBoni, I.1 aCentro Nacional de Pesquisa de Suinos e Aves, Concordia, SC (Brasil)1 aInfluencia da imunidade passiva na vacinacao de frangos contra doenca de gumboro1 a[Influence of the passive immunity in the vaccination of chicks against Gumboro disease]3 aConcordia, SC (Brasil): c1986.  a3 p. aComunicado Tecnico - Centro Nacional de Pesquisa de Suinos e Aves (Brazil)vno. 103xISSN 0100-8862 aFRANGO aDOENCA DE GUMBORO aVACINA aIMUNIZACAO